Kemal Sunal'ın Oynadığı Tüm Filmler - Statistics

General Stats
  • This quiz has been taken 1 056 times
  • The average score is 21 of 98
Answer Stats
yıl cevap % Correct
Film 1974 Hababam Sınıfı
96%
Film 1977 Çöpçüler Kralı
67%
Film 1976 Kapıcılar Kralı
57%
Film 1976 Süt Kardeşler
52%
Film 1975 Hababam Sınıfı Sınıfta Kaldı
46%
Film 1977 Sakar Şakir
46%
Film 1974 Salako
45%
Film 1977 Hababam Sınıfı Tatilde
44%
Film 1978 Kibar Feyzo
43%
Film 1974 Köyden İndim Şehire
43%
Film 1976 Tosun Paşa
42%
Film 1984 Atla Gel Şaban
41%
Film 1977 Şabanoğlu Şaban
41%
Film 1978 İnek Şaban
40%
Film 1983 Tokatçı
40%
Film 1981 Üç Kağıtçı
39%
Film 1981 Davaro
38%
Film 1979 Korkusuz Korkak
38%
Film 1984 Şabaniye
37%
Film 1976 Hababam Sınıfı Uyanıyor
34%
Film 1984 Ortadirek Şaban
31%
Film 1999 Propaganda
31%
Film 1975 Hanzo
29%
Film 1984 Postacı
29%
Film 1980 Gol Kralı
28%
Film 1982 Yedi Bela Hüsnü
28%
Film 1986 Garip
27%
Film 1976 Sahte Kabadayı
27%
Film 1979 Şark Bülbülü
27%
Film 1978 Yüz Numaralı Adam
27%
Film 1974 Mavi Boncuk
26%
Film 1985 Gurbetçi Şaban
24%
Film 1980 Zübük
24%
Film 1979 Bekçiler Kralı
23%
Film 1982 Doktor Civanım
23%
Film 1983 Kılıbık
23%
Film 1988 Öğretmen
23%
Film 1974 Salak Milyoner
22%
Film 1986 Deli Deli Küpeli
21%
Film 1977 İbo İle Güllüşah
21%
Film 1987 Japon İşi
21%
Film 1989 Gülen Adam
20%
Film 1988 Polizei
20%
Film 1985 Sosyete Şaban
20%
Film 1987 Kiracı
19%
Film 1976 Meraklı Köfteci
19%
Film 1986 Davacı
17%
Film 1980 Gerzek Şaban
17%
Film 1985 Katma Değer Şaban
17%
Film 1985 Şendul Şaban
17%
Film 1986 Yoksul
17%
Film 1978 Avanak Apti
16%
Film 1983 Çarıklı Milyoner
16%
Dizi 1993 Şaban Askerde
16%
Film 1972 Tatlı Dillim
16%
Film 1988 İnatçı
15%
Film 1979 Umudumuz Şaban
15%
Film 1991 Varyemez
15%
Film 1983 En Büyük Şaban
14%
Film 1985 Şaban Pabucu Yarım
13%
Film 1986 Tarzan Rıfkı
13%
Film 1973 Canım Kardeşim
12%
Film 1980 Devlet Kuşu
12%
Film 1988 Düttürü Dünya
12%
Film 1978 İyi Aile Çocuğu
12%
Film 1981 Kanlı Nigar
12%
Film 1975 Şaşkın Damat
12%
Film 1989 Talih Kuşu
12%
Film 1979 Dokunmayın Şabanıma
11%
Film 1990 Koltuk Belası
11%
Film 1973 Oh Olsun
11%
Dizi 1994 Bay Kamber
10%
Film 1985 Keriz
10%
Film 1978 Köşeyi Dönen Adam
10%
Dizi 1997 Şaban İle Şirin
10%
Film 1987 Yakışıklı
10%
Film 2000 Balalayka
9%
Dizi 1992 Saygılar Bizden
9%
Film 1988 Sevimli Hırsız
9%
Film 1988 Uyanık Gazeteci
9%
Film 1989 Zehir Hafiye
9%
Film 1973 Güllü Geliyor Güllü
8%
Film 1973 Yalancı Yarim
8%
Film 1990 Abuk Sabuk 1 Film
7%
Film 1988 Bıçkın
7%
Film 1990 Boynu Bükük Küheylan
7%
Film 1974 Hasret
6%
Tiyatro 1967 Deli İbrahim
3%
Tiyatro 1966 Fadik Kız
3%
Tiyatro 1968 Fermanlı Deli Hazretleri
3%
Tiyatro 1972 Gergedan
3%
Tiyatro 1967 İspinozlar
3%
Tiyatro 1969 Murtaza
3%
Tiyatro 1968 Yalova Kaymakamı
3%
Tiyatro 1969 Yaz Bitiyor
3%
Tiyatro 1972 Dün Bugün Oyunundan
2%
Tiyatro 1968 Gözlerimi Kaparım, Vazifemi Yaparım
2%
Tiyatro 1968 Hamhumşarolop
2%
No matching quizzes found
Score Distribution
Percent of People with Each Score
Percentile by Number Answered
Your Score History
You have not taken this quiz